000 01088nam a22003251 4500
999 _c1174
_d1174
001 010918971
003 ALUPE UNIVERSITY
005 20210624080541.0
008 940125s1985 xxua b 001 0 eng d
010 _aLC 84-14151
020 _a0030630185
020 _a0030047625 (prelabeXercises)
040 _cALUPE UNIVERSITY
_dALUPE UNIVERSITY
049 _aCURL
_ll
_m+
050 0 _aQD261
_b.M63 1985
092 _aD0501406305
245 0 0 _aModern experimental organic chemistry /
_cRoyston M. Roberts ... [et al.]
250 _a4th ed
260 _aPhiladelphia :
_bSaunders College Publishing,
_cc1985
300 _axxv, 804 p :
_bill ;
_c25 cm
490 0 _aSaunders golden sunburst series
500 _aIll. on lining paper
501 _a[With] pre-lab exercises
504 _aIncludes bibliographies and index
650 0 _aChemistry, Organic
_vLaboratory manuals
700 1 _aRoberts, Royston M.
942 _2lcc
_cBK
_nDO